| 000 | 00761 am a2200217Ka 4500 | ||
|---|---|---|---|
| 003 | TR-AnU | ||
| 008 | 221207s2022 tu g 000 0 tur d | ||
| 020 | _a9786050511475 | ||
| 040 | _aTR-AnU | ||
| 041 | _atur | ||
| 099 | _a345.05 ALT 2022 | ||
| 100 | 1 | _aAltunkaş, Aysun | |
| 245 | 1 | 0 |
_aBasın ve yayın yoluyla işlenen suçlar ve hukuka uygunluk nedenleri / _cAysun Altunkaş. |
| 260 |
_aAnkara : _bYetkin, _c2022. |
||
| 300 |
_a686 s. ; _c24 cm. |
||
| 650 | 4 |
_aBasın ve yayın yoluyla işlenen suçlar _xCeza hukuku |
|
| 650 | 4 |
_aOffences committed through the press and media _xCriminal law |
|
| 596 | _a18 | ||
| 947 |
_a129714590 _b37083450 _c2 _d14 _eAnkara Universitesi Kutuphaneleri _fAnkara - Hukuk Fak. _g2023-11-20 12:00:27 |
||
| 999 |
_c200459270 _d77482 |
||